000 00958cab a2200229 4500
001 ##L135393
008 060227n2006 000 0 eng u
035 _a(Sirsi) u135393
041 0 _aeng; ger
100 1 _aMcAllister, Sean
245 0 0 _aProperty Week supplement
_binternational
260 _c2006
490 0 _aProperty Week
_vProperty Week
_v71(41)13 October 2006, 1-40(34)
520 _aLooks at: American investors ploughing money into commercial property across Europe; the prospect of US chains opening high-profile London stores in 2007; ING Real Estate which is about to open a Ł4000m shopping centre in Warsaw; difficulties with overseas investment in Belgrade and investment in the German property market.
590 _aIKA311006
690 _aPROPERTY-COMMERCIAL PROPERTY-COMMERCIAL PROPERTY MARKET
700 1 _aRae, Shonagh
700 1 _aMorrison, Doug
700 1 _aHipwell, Deidre
700 1 _aBenzine, Adam
942 _n0
999 _c106039
_d106039